=LDR 00000nam 2200000 4500 =001 INLIS000000000058365 =005 20210915010038 =035 ##$$a 0010-0921000169 =007 ta =008 210915###########################0#ind## =020 ##$$a 978-797-17230-9-1 =082 ##$$a 297.54 =084 ##$$a 297.54 Abu k =245 1#$$a Keramat doa ibu mengubah takdir /$c Abu Fajar al Qalami =300 ##$$a 288 halaman ; $c 21 cm =650 #4$$a Doa dan Zikir =264 ##$$a jakarta :$b Mitra press,$c 2010 =336 ##$$a teks$2 rdacontent =337 ##$$a lain-lain$2 rdamedia =338 ##$$a lain-lain$2 rdacarrier =990 ##$$a 09850985